| 000 | 00712nam a2200205Ia 4500 | ||
|---|---|---|---|
| 999 |
_c40248 _d40248 |
||
| 001 | 6856 | ||
| 003 | GE_BSU | ||
| 005 | 20230807124301.0 | ||
| 008 | 181216s2001||||ru |||||||||||||| ||rus|| | ||
| 020 | _a579900373-Х. | ||
| 040 | _cGE_BSU | ||
| 080 | _a574(075.8):504(075.8) Н-62 | ||
| 100 |
_aНиканоров, А. М. _919622 |
||
| 245 |
_aЭкология : _bДля студентов вузов и специалистов экологов / _cА. М. Никаноров, Т. А. Хоружая. |
||
| 264 |
_aМосква : _bПриор., _c2001. |
||
| 300 |
_a304 стр. ; _c20 cm. _eтабл. |
||
| 653 | _aЭкология | ||
| 700 |
_aХоружая,Т. А. _cАвтор _919623 |
||
| 942 |
_cBK _2udc |
||